000 00491pab a2200169 454500
008 180718b2008 xxu||||| |||| 00| 0 eng d
100 _aLunt, Neil
245 _aFrom welfare state to social development: winning the war of words in New Zealand
260 _c2008
300 _ap.405-18.
362 _aOct
650 _aEconomic and social development - New Zealand
650 _aEconomic and social development
773 _aSocial Policy and Society
908 _aN
909 _a80140
999 _c80140
_d80140